Najwięcej występów w kadrze (Francja) - Statystyki

Ogólne statystyki
  • Ten quiz został rozwiązany 472 razy
  • Średni wynik to 5 z 10
Statystyki odpowiedzi
Miejsce Lata gry Imię i nazwisko Mecze % Poprawnych
5. 1994–2006 Zinédine Zidane 108
89%
2. 1997–2010 Thierry Henry 123
85%
4. 2008–? Hugo Lloris 109
79%
8. 1989–2000 Laurent Blanc 97
63%
3. 1993–2004 Marcel Desailly 116
48%
6. 1997–2010 Patrick Vieira 107
45%
1. 1994–2008 Lilian Thuram 142
41%
7. 1989–2000 Didier Deschamps 103
36%
8. 1992–2004 Bixente Lizarazu 97
20%
10. 1999–2006 Sylvain Wiltord 92
13%
Nie znaleziono quizów pasujących do podanych kryteriów
Rozkład punktacji
Procent ludzi z każdym wynikiem
Percentyl według liczby udzielonych odpowiedzi
Twoja historia wyników
Nie rozwiązałeś tego quizu